ペーパーマリオのなかま - Statistics

General Stats
  • This quiz has been taken 17 times
  • The average score is 14 of 34
Answer Stats
ゲーム名 なかま % Correct
ペーパーマリオRPG クリスチーヌ
88%
レサレサ
81%
マリオストーリー クリオ
75%
バレル
75%
ペーパーマリオ スーパーシール ルーシー
75%
カメキ
69%
ノコタロウ
69%
クラウダ
69%
ビビアン
69%
チュチュリーナ
56%
スーパーペーパーマリオ アンナ
56%
ペーパーマリオ オリガミキング オリビア
56%
アカリン
50%
ポコピー
50%
ピンキー
44%
パレッタ
44%
ボム平
44%
おプク
38%
ちびヨッシー
38%
ペーパーマリオ カラースプラッシュ ペンキー
31%
カメック
31%
トるナゲール
25%
ボムドッカん
25%
ミニみ
25%
ダダッシュ
25%
ジャスミン2世
25%
キえマース
19%
ハまハンマ
19%
ぴッキョローン
19%
ヘびードン
13%
ノッテこー
13%
バーリやー
13%
考古学者キノピオ
13%
メクルるン
6%
No matching quizzes found
Score Distribution
Percent of People with Each Score
Percentile by Number Answered
Your Score History
You have not taken this quiz